| 000 | 01915nam a2200337 i 4500 | ||
|---|---|---|---|
| 003 | DO-SdBNP | ||
| 005 | 20240523140511.0 | ||
| 006 | a|||||r|||| 001 0 | ||
| 007 | ta | ||
| 008 | 202010e1999 dr eri||| 001 0 spa d | ||
| 040 |
_aDO-SdBNP _bspa _cBNPHU _erda |
||
| 082 | 4 |
_a22 _bP861c, 1999. |
|
| 100 | 1 |
_aPotentini Adames, Trajano Vidal _973577 _eautor |
|
| 240 | _a(Leyes, etc) | ||
| 245 | 1 | 0 |
_aCódigo de procedimiento civil de la República Dominicana y legislación complementaria : _b(leyes número: 834, 845, 3726 de casación, 821 de organización judicial, 91 del colegio de abogados, 58-88 y decreto 3347) / _cTrajano Vidal Potentini |
| 250 |
_a2da. edición _bampliada y actualizada |
||
| 264 | 1 |
_aMoca : República Dominicano : _bDalis , _c1999. |
|
| 300 |
_a352 páginas ; _c22 cm. |
||
| 336 |
_2rdacontent _atexto _btxt |
||
| 337 |
_2rdamedia _asin mediación _bn |
||
| 338 |
_2rdacarrier _avolumen _bnc |
||
| 500 | _aDecreto 2241 que sanciona el código de procedimiento civil de la República Dominicana el 17 de abril e 1884 siendo Ulises Heureaux presidente . actualizado por la comisión encargada, en 1984 por el Dr. Jottin Cury, quien la presidirá ; y los señores Dra. Margarita Tavares ; Dr. Rafael Luciano Pichardo ; Dr. Luis a. Bircann R. ; y Dra. Rosina de la Cruz de Alvarado.- | ||
| 500 | _aAmpliado y actualizado con la ley 38-98.- | ||
| 500 | _aLa presente publicación es un facsímil de la tercera edición oficial de procedimiento civil, ampliado y actualizado con leyes complementarias y realizadas de acuerdo con las disposiciones de la ley no. 32-86 de derecho de autor.- | ||
| 500 | _aContiene índice alfabético, paginas 327-346. | ||
| 500 | _aContiene índice de materia. | ||
| 501 | _aPrimera parte : Procedimiento por ante los tribunales.- | ||
| 501 | _aSegunda parte : Procedimientos diversos. | ||
| 590 | _aInventarido 2024 / MF | ||
| 942 |
_2ddc _cLBS1 |
||
| 999 |
_c48958 _d48958 |
||